The control of monopoly in the United Kingdom / (Record no. 3898)
[ view plain ]
| 000 -LEADER | |
|---|---|
| fixed length control field | 00811cam a22002531a 4500 |
| 001 - CONTROL NUMBER | |
| control field | 3898 |
| 003 - CONTROL NUMBER IDENTIFIER | |
| rucl marc code | BD-RjUL |
| 005 - DATE AND TIME OF LATEST TRANSACTION | |
| control field | 20211208233811.0 |
| 008 - FIXED-LENGTH DATA ELEMENTS--GENERAL INFORMATION | |
| fixed length control field | 131221r19671960enk b 001 0 eng |
| 035 ## - SYSTEM CONTROL NUMBER | |
| System control number | (BD-RjUL)3932 |
| System control number | (OCoLC)372448 |
| 040 ## - CATALOGING SOURCE | |
| Original cataloging agency | DLC |
| Transcribing agency | OClU |
| Modifying agency | MoSU-L |
| -- | DLC |
| -- | BD-RjUL |
| Language of cataloging | eng |
| 041 ## - LANGUAGE CODE | |
| Language code of text/sound track or separate title | eng |
| 082 ## - DEWEY DECIMAL CLASSIFICATION NUMBER | |
| Edition number | 338.82 |
| Author mark and year | GUC |
| 100 1# - MAIN ENTRY--PERSONAL NAME | |
| Personal name | Guénault, Paul H. |
| Fuller form of name | (Paul Herbert) |
| 9 (RLIN) | 12428 |
| 245 14 - TITLE STATEMENT | |
| Title | The control of monopoly in the United Kingdom / |
| Statement of responsibility, etc. | Paul H. Guénault and J.M. Jackson. |
| 260 ## - PUBLICATION, DISTRIBUTION, ETC. (IMPRINT) | |
| Place of publication, distribution, etc. | London : |
| Name of publisher, distributor, etc. | Longmans, |
| Date of publication, distribution, etc. | c1960[impression 1967] |
| 300 ## - PHYSICAL DESCRIPTION | |
| Pagination | ix, 197 p. ; |
| Size | 23 cm. |
| 504 ## - BIBLIOGRAPHY, ETC. NOTE | |
| Bibliography, etc | Includes bibliographical references and index. |
| 650 #0 - SUBJECT ADDED ENTRY--TOPICAL TERM | |
| Topical term or geographic name as entry element | Trusts, Industrial |
| Geographic subdivision | Great Britain. |
| 9 (RLIN) | 12429 |
| 700 1# - ADDED ENTRY--PERSONAL NAME | |
| Personal name | Jackson, J. M. |
| Fuller form of name | (Joseph M.) |
| 942 ## - ADDED ENTRY ELEMENTS (KOHA) | |
| Source of classification or shelving scheme | Dewey Decimal Classification |
| Koha item type | Books |
| Lost status | Source of classification or shelving scheme | Damaged status | Not for loan | Collection code | Permanent Location | Current Location | Shelving location | Date acquired | Source of acquisition | Cost, normal purchase price | Total Checkouts | Full call number | Date last seen | Copy number | Koha item type |
|---|---|---|---|---|---|---|---|---|---|---|---|---|---|---|---|
| Dewey Decimal Classification | Not For Loan | Non-fiction | Central Library, University of Rajshahi | Central Library, University of Rajshahi | Reading Room | 28/11/1968 | Zeitlinger | 35.00 | 338.82 GUC 1967 | 21/12/2013 | C-1 | Books | |||
| Dewey Decimal Classification | Non-fiction | Central Library, University of Rajshahi | Central Library, University of Rajshahi | 28/11/1968 | Zeitlinger | 338.82 GUC 1967 | 21/12/2013 | C-2 | Books | ||||||
| Dewey Decimal Classification | Non-fiction | Central Library, University of Rajshahi | Central Library, University of Rajshahi | 28/11/1968 | zeitlinger | 35.00 | 338.82 GUC 1967 | 25/07/2016 | C-3 | Books |